000 00714nam a2200289Ia 4500
005 20250425162653.0
008 250425s9999 xx 000 0 und d
041 _aeng
043 _abe
082 _a595.181
100 _aSORGELOOS, PATRICK
245 0 _aMANUAL FOR THE CULTURE AND USE OF BRINE SHRIMP ARTEMIA IN AQUACULTURE
250 _aS.E
260 _aBélgica
_bSTATE UNIVERSITY OF GHENT
_c1986
260 _aGANTE/GHENT
300 _a318
650 _aARTEMIA
650 _aARTEMIA
650 _aARTEMIA
650 _aARTEMIA
700 _aLAVENS, PATRICK
700 _aLEGER, PHILIPPE
700 _aTACKAERT, WIM
700 _aVERSICHELE, DANNY
942 _c01
010 _a95463
999 _c234028
_d234028